Countries with 6 or more borders - Statistics

General Stats
  • This quiz has been taken 21 times
  • The average score is 28 of 34
Answer Stats
Answer % Correct
China
100%
Democratic Republic of the Congo
100%
Germany
100%
India
100%
Russia
100%
Brazil
94%
Central African Republic
94%
Chad
94%
France
94%
Mali
94%
Niger
94%
Saudi Arabia
94%
South Sudan
94%
Sudan
94%
Iran
89%
Poland
89%
Austria
83%
Ethiopia
83%
Iraq
83%
Italy
83%
South Africa
83%
Tanzania
83%
Turkey
83%
Ukraine
83%
Hungary
78%
Afghanistan
72%
Cameroon
72%
Algeria
67%
Burkina Faso
67%
Libya
67%
Serbia
67%
Mozambique
61%
Zambia
61%
Guinea
39%
No matching quizzes found
Score Distribution
Percent of People with Each Score
Percentile by Number Answered
Your Score History
You have not taken this quiz